HANDBOOK ON GREEN INFRASTRUCTURE PLANNIN (Record no. 26681)

MARC details
000 -LEADER
fixed length control field 00350nam a2200133Ia 4500
008 - FIXED-LENGTH DATA ELEMENTS--GENERAL INFORMATION
fixed length control field 240624s9999 xx 000 0 und d
041 ## - LANGUAGE CODE
Language code of text/sound track or separate title eng
082 ## - DEWEY DECIMAL CLASSIFICATION NUMBER
Classification number 624 SIN
100 ## - MAIN ENTRY--PERSONAL NAME
Personal name SINNETT DANIELLE
245 ## - TITLE STATEMENT
Title HANDBOOK ON GREEN INFRASTRUCTURE PLANNIN
260 ## - PUBLICATION, DISTRIBUTION, ETC.
Date of publication, distribution, etc. 2015
Place of publication, distribution, etc. USA
Name of publisher, distributor, etc. Edward Elgar
300 ## - PHYSICAL DESCRIPTION
Extent xvii, : 474 : p. : cm. ; 25
365 ## - TRADE PRICE
Currency code GBP
Price amount 30
Holdings
Withdrawn status Lost status Damaged status Not for loan Home library Current library Shelving location Date acquired Source of acquisition Cost, normal purchase price Full call number Barcode Date last seen Copy number Price effective from Koha item type
        IMTN IMTN Rack 19-B 02/23/2016 RW 180.00 624 SIN 26681 06/24/2024 105.6 06/24/2024 Books
Designed & Maintained by: LRC IMT Nagpur Contact: lrc@imtnag.ac.in© 2024. All Rights Reserved.